| 000 | 01271nam a2200349 i 4500 | ||
|---|---|---|---|
| 001 | 192637 | ||
| 003 | ES-MaACL | ||
| 005 | 20240224063115.0 | ||
| 007 | ta | ||
| 008 | 230508e2006 |||||||| |||| 00| 0 eng d | ||
| 020 | _a9780955392245 | ||
| 040 |
_bspa _cES-MaACL |
||
| 080 | _a869.0996 | ||
| 245 | 0 | 0 |
_aTowards a Portuguese postcolonialism / _cedited by Anthony Soares. |
| 264 | 1 |
_aBristol (England) : _bUniversity of Bristol, Department of Hispanic, Portuguese & Latin American Studies, _c2006 |
|
| 300 |
_a236 páginas ; _c21 cm. |
||
| 336 |
_2rdacontent _aTexto |
||
| 337 |
_2rdamedia _asin mediación |
||
| 338 |
_2rdacarrier _avolumen |
||
| 490 | 1 |
_aLusophone studies ; _v4 |
|
| 500 | _aÍndice | ||
| 504 | _aReferencias bibliográficas | ||
| 650 | 4 |
_914650 _aLiteratura portuguesa- _xHistoria y crítica |
|
| 700 | 1 |
_9176418 _aSoares, Anthony, _epbl |
|
| 710 | 2 |
_9176419 _aUniversity of Bristol. _bDepartment of Hispanic, Portuguese, and Latin American Studies _eedt |
|
| 830 | 1 |
_aLusophone studies ; _v4 _9193618 |
|
| 852 |
_aES-MaACL _bR.153368 _jN-8264 _cDEPOJ _hDonación: J. Carlos Piera _9199933 |
||
| 903 |
_991922 _aPiera, Carlos, _ednr |
||
| 942 |
_cMONOGRAFIA _n0 |
||
| 999 |
_c192637 _d192637 |
||